Detalles MARC
| 000 -CABECERA |
| campo de control de longitud fija |
01087nam a2200277 a 4500 |
| 001 - NÚMERO DE CONTROL |
| campo de control |
000017766 |
| 005 - FECHA Y HORA DE LA ÚLTIMA TRANSACCIÓN |
| campo de control |
20240305102017.0 |
| 008 - DATOS DE LONGITUD FIJA--INFORMACIÓN GENERAL |
| campo de control de longitud fija |
100331s1972 dr 001 0 spa d |
| 040 ## - FUENTE DE LA CATALOGACIÓN |
| Centro catalogador/agencia de origen |
DO-SdBNP |
| Lengua de catalogación |
spa |
| Centro/agencia transcriptor |
BNPHU |
| 082 ## - NÚMERO DE LA CLASIFICACIÓN DECIMAL DEWEY |
| Número de clasificación |
917.293 |
| Número de documento/Ítem |
L333t |
| 049 ## - FONDOS LOCALES (OCLC) |
| Fondos de biblioteca |
BNPD |
| 100 1# - ENTRADA PRINCIPAL--NOMBRE DE PERSONA |
| Nombre de persona |
Larrazábal Blanco, Carlos, |
| Fechas asociadas al nombre |
1894-1989 |
| 9 (RLIN) |
21363 |
| 245 10 - MENCIÓN DE TÍTULO |
| Título |
Toponimia / |
| Mención de responsabilidad, etc. |
Carlos Larrazábal Blanco ; presentación Emilio Rodríguez Demorizi. |
| 260 ## - PUBLICACIÓN, DISTRIBUCIÓN, ETC. |
| Lugar de publicación, distribución, etc. |
Santo Domingo : |
| Nombre del editor, distribuidor, etc. |
Del Caribe, |
| Fecha de publicación, distribución, etc. |
1972. |
| 300 ## - DESCRIPCIÓN FÍSICA |
| Extensión |
81 p. ; |
| Dimensiones |
24 cm. |
| 490 1# - MENCIÓN DE SERIE |
| Mención de serie |
Sociedad Dominicana de Geografía |
| Designación de volumen o secuencia |
4 |
| 490 1# - MENCIÓN DE SERIE |
| Mención de serie |
Biblioteca Dominicana de Geografía y Viajes |
| Designación de volumen o secuencia |
3 |
| 504 ## - NOTA DE BIBLIOGRAFÍA, ETC. |
| Nota de bibliografía, etc. |
Incluye bibliografía y notas al pie de páginas. |
| 504 ## - NOTA DE BIBLIOGRAFÍA, ETC. |
| Nota de bibliografía, etc. |
Bibliografía: p. 79-81. |
| 650 #4 - PUNTO DE ACCESO ADICIONAL DE MATERIA--TÉRMINO DE MATERIA |
| Término de materia o nombre geográfico como elemento de entrada |
Toponimia |
| Subdivisión geográfica |
República Dominicana |
| 9 (RLIN) |
38640 |
| 650 #4 - PUNTO DE ACCESO ADICIONAL DE MATERIA--TÉRMINO DE MATERIA |
| Término de materia o nombre geográfico como elemento de entrada |
Geografía |
| Subdivisión general |
Terminología |
| Subdivisión geográfica |
República Dominicana |
| 9 (RLIN) |
38641 |
| 700 1# - PUNTO DE ACCESO ADICIONAL--NOMBRE DE PERSONA |
| Nombre de persona |
Rodríguez Demorizi, Emilio, |
| Fechas asociadas al nombre |
1908-1986 |
| 9 (RLIN) |
1039 |
| 830 #0 - PUNTO DE ACCESO ADICIONAL DE SERIE-TÍTULO UNIFORME |
| Título uniforme |
Sociedad Dominicana de Geografía |
| Designación de volumen o secuencia |
4 |
| 9 (RLIN) |
31910 |
| 830 #0 - PUNTO DE ACCESO ADICIONAL DE SERIE-TÍTULO UNIFORME |
| Título uniforme |
Biblioteca Dominicana de Geografía y Viajes |
| Designación de volumen o secuencia |
3 |
| 9 (RLIN) |
38642 |
| 910 ## - DATOS DE OPCIÓN DEL USUARIO (OCLC) |
| Datos de opción del usuario |
Validado. Control de calidad EMS |